| 000 | 00908nam a2200253Ia 4500 | ||
|---|---|---|---|
| 003 | OSt | ||
| 005 | 20220926033901.0 | ||
| 006 | a|||||r|||| 00| 0 | ||
| 007 | ta | ||
| 008 | 220923b |||||||| |||| 00| 0 eng d | ||
| 037 | _cGeneral Book | ||
| 040 |
_aRTL _cRTL _beng |
||
| 041 |
_2eng _aeng |
||
| 082 | _aU43p1(X).N68, L3 | ||
| 100 |
_aSingh R.L. Ed. _9137014 |
||
| 111 |
_aInternational Geographical Union Symposium on Urban Geography in Developing Countries (1968 : Varanasi India) _9339671 |
||
| 245 | 0 |
_aProceedings _b Urban Geography in developing Countries edited by R. L. Singh |
|
| 260 |
_aVaranasi _bNational Geographical Society of India India _c1973 |
||
| 300 |
_axxxv, 371p. _ccm. |
||
| 500 | _aTwenty first International Geographical Congress | ||
| 650 | _aGeography-Urban | ||
| 942 |
_hU43p1(X).N68, L3 _cGB _2CC |
||
| 999 |
_c658185 _d658185 |
||